<?xml version="1.0" encoding="UTF-8"?>
<collection xmlns="http://www.loc.gov/MARC21/slim">
 <record>
  <leader>05139nam a2200373 a 4500</leader>
  <controlfield tag="001">kal4062</controlfield>
  <controlfield tag="003">Gr-AtHEAL</controlfield>
  <controlfield tag="005">20160422113824.0</controlfield>
  <controlfield tag="006">m        d        </controlfield>
  <controlfield tag="008">160413s2015    gr      s           gre|c</controlfield>
  <datafield tag="020" ind1=" " ind2=" ">
   <subfield code="a">9789606031151</subfield>
  </datafield>
  <datafield tag="040" ind1=" " ind2=" ">
   <subfield code="a">GR-AtHEAL</subfield>
   <subfield code="b">gre</subfield>
   <subfield code="c">GR-AtHEAL</subfield>
  </datafield>
  <datafield tag="082" ind1="0" ind2="4">
   <subfield code="a">617.67</subfield>
   <subfield code="2">23</subfield>
  </datafield>
  <datafield tag="100" ind1="1" ind2=" ">
   <subfield code="a">Ραχιώτης, Χρήστος.</subfield>
   <subfield code="8">843</subfield>
  </datafield>
  <datafield tag="245" ind1="1" ind2="0">
   <subfield code="a">Οδοντική τερηδόνα</subfield>
   <subfield code="h">[Ηλεκτρονικός πόρος] </subfield>
   <subfield code="c">Ραχιώτης, Χρήστος ; Βουγιουκλάκης, Γεώργιος ; Κριτικός αναγνώστης,Κακάμπουρα, Αφροδίτη ; Τεχνική επιμέλεια,Μαζίνης, Εμμανουήλ ; Τεχνική επιμέλεια,Κοκολάκης, Αντώνιος ; Γλωσσική επιμέλεια,Νίκα, Ελένη.</subfield>
  </datafield>
  <datafield tag="260" ind1=" " ind2=" ">
   <subfield code="a">Αθήνα :</subfield>
   <subfield code="b">Σύνδεσμος Ελληνικών Ακαδημαϊκών Βιβλιοθηκών,</subfield>
   <subfield code="c">c2015.</subfield>
  </datafield>
  <datafield tag="490" ind1=" " ind2=" ">
   <subfield code="a">Ακαδημαϊκά Ηλεκτρονικά Συγγράμματα και Βοηθήματα Κάλλιπος</subfield>
   <subfield code="8">40</subfield>
  </datafield>
  <datafield tag="520" ind1=" " ind2=" ">
   <subfield code="a">Το βιβλίο αυτό αφορά στο θέμα της οδοντικής τερηδόνας. Η οδοντική τερηδόνα είναι η κυρία νόσος των σκληρών οδοντικών ιστών και το κυριότερο αίτιο απώλειας δοντιών. Στο περιεχόμενο του βιβλίου θα περιγραφεί και θα αναλυθεί η αιτιοπαθογένεια της οδοντικής τερηδόνας. Ειδικότερα, θα αναφερθεί στο ρόλο των βιοϋμενίων, στο σχηματισμό της οδοντικής μικροβιακής πλάκας (ΟΜΠ), της οικολογία τους στοματικού περιβάλλοντος και τη σχέση τους με τη νόσο. Πρόσθετα, θα αναλυθεί ο ρόλος του ξενιστή και ειδικότερα ο ρόλος του δοντιού και του σάλιου. Θα περιγραφούν και θα αναλυθούν οι φυσικό-χημικές αλληλεπιδράσεις του στοματικού περιβάλλοντος με τους σκληρούς οδοντικούς ιστόυς και θα αποσαφηνιστούν οι έννοιες απομεταλλικοποίηση και επαναμεταλλικοπόιηση. Θα περιγραφούν τα στάδια των ιστοπαθολογικών ζωνών της τερηδόνας της αδαμαντίνης και της οδοντίνης και θα γίνει η συσχέτιση τους με τη κλινική εικόνα των βλαβών. Επίσης, θα περιγραφούν οι μορφές και οι συνηθέστεροι τύποι κλινικής εικόνας που εμφανίζονται αυτές οι βλάβες. Θα περιγραφούν και θα αναλυθούν όλοι οι σύγχρονοι τρόποι διάγνωσης της τερηδόνας που υπάρχουν σήμερα με έμφαση στη κλινική εξέταση, την ακτινογραφική και τη χρήση του φθορισμού. Θα γίνει αναφορά στους κυριότερους επιδημιολογικούς δείκτες και θα περιγραφούν οι δείκτες τερηδόνας dmfs και DMFT. Τέλος, θα αναφερθεί στο μη επεμβατικό τρόπο αντιμετώπισης των τερηδονικών βλαβών. Ειδικότερα, θα αναλυθεί ο ρόλος της στοματικής υγιεινής, του φθορίου, των αντιμικροβιακών παραγόντων, της χρήσης ενασβεστιωτικών παραγόντων και των συμβουλών δίαιτας στην πρόληψη αλλά και αντιμετώπιση των αρχόμενων τερηδονικών βλαβών.</subfield>
  </datafield>
  <datafield tag="650" ind1=" " ind2="0">
   <subfield code="a">Dental caries</subfield>
   <subfield code="8">2287</subfield>
  </datafield>
  <datafield tag="653" ind1=" " ind2=" ">
   <subfield code="a">Επιδημιολογία της τερηδόνας</subfield>
  </datafield>
  <datafield tag="653" ind1=" " ind2=" ">
   <subfield code="a">Διάγνωση τερηδόνας</subfield>
  </datafield>
  <datafield tag="653" ind1=" " ind2=" ">
   <subfield code="a">Βιοϋμένια</subfield>
  </datafield>
  <datafield tag="653" ind1=" " ind2=" ">
   <subfield code="a">Σκληροί ιστοί</subfield>
  </datafield>
  <datafield tag="653" ind1=" " ind2=" ">
   <subfield code="a">Μικροβιολογία στόματος</subfield>
  </datafield>
  <datafield tag="653" ind1=" " ind2=" ">
   <subfield code="a">Σάλιο</subfield>
  </datafield>
  <datafield tag="653" ind1=" " ind2=" ">
   <subfield code="a">Οδοντική τερηδόνα</subfield>
  </datafield>
  <datafield tag="653" ind1=" " ind2=" ">
   <subfield code="a">Επιστήμες υγείας</subfield>
   <subfield code="a">Οδοντιατρική</subfield>
  </datafield>
  <datafield tag="700" ind1="1" ind2=" ">
   <subfield code="a">Βουγιουκλάκης, Γεώργιος</subfield>
   <subfield code="e">Συγγραφέας</subfield>
   <subfield code="8">844</subfield>
  </datafield>
  <datafield tag="700" ind1="1" ind2=" ">
   <subfield code="a">Κακάμπουρα, Αφροδίτη</subfield>
   <subfield code="e">Κριτικός αναγνώστης</subfield>
   <subfield code="8">845</subfield>
  </datafield>
  <datafield tag="856" ind1="4" ind2="0">
   <subfield code="u">http://hdl.handle.net/11419/4062</subfield>
   <subfield code="z">Πλήρες Κείμενο - Full text</subfield>
  </datafield>
  <datafield tag="907" ind1=" " ind2=" ">
   <subfield code="a">.b25680353</subfield>
   <subfield code="b">12-06-18</subfield>
   <subfield code="c">29-07-16</subfield>
  </datafield>
  <datafield tag="949" ind1=" " ind2=" ">
   <subfield code="0">0</subfield>
   <subfield code="1">0</subfield>
   <subfield code="2">ddc</subfield>
   <subfield code="4">0</subfield>
   <subfield code="6">617_670000000000000_ΡΑΧ</subfield>
   <subfield code="7">0</subfield>
   <subfield code="8">KALL</subfield>
   <subfield code="8">794</subfield>
   <subfield code="d">2016-04-13</subfield>
   <subfield code="r">2016-04-13</subfield>
   <subfield code="w">2016-04-13</subfield>
   <subfield code="z">617.67 ΡΑΧ</subfield>
   <subfield code="o">SEAB KALLIPOS</subfield>
  </datafield>
  <datafield tag="998" ind1=" " ind2=" ">
   <subfield code="a">80</subfield>
   <subfield code="a">01</subfield>
   <subfield code="a">02</subfield>
   <subfield code="a">03</subfield>
   <subfield code="a">04</subfield>
   <subfield code="a">05</subfield>
   <subfield code="a">06</subfield>
   <subfield code="a">07</subfield>
   <subfield code="a">08</subfield>
   <subfield code="a">09</subfield>
   <subfield code="a">10</subfield>
   <subfield code="a">11</subfield>
   <subfield code="a">12</subfield>
   <subfield code="a">13</subfield>
   <subfield code="a">14</subfield>
   <subfield code="a">15</subfield>
   <subfield code="a">16</subfield>
   <subfield code="a">17</subfield>
   <subfield code="a">18</subfield>
   <subfield code="a">19</subfield>
   <subfield code="a">20</subfield>
   <subfield code="a">21</subfield>
   <subfield code="a">22</subfield>
   <subfield code="a">23</subfield>
   <subfield code="a">24</subfield>
   <subfield code="a">25</subfield>
   <subfield code="a">26</subfield>
   <subfield code="b">16-05-17</subfield>
   <subfield code="c">m</subfield>
   <subfield code="d">z  </subfield>
   <subfield code="e">-</subfield>
   <subfield code="f">gre</subfield>
   <subfield code="g">gr </subfield>
   <subfield code="h">0</subfield>
  </datafield>
  <datafield tag="942" ind1=" " ind2=" ">
   <subfield code="2">ddc</subfield>
   <subfield code="c">KALLIPOS</subfield>
  </datafield>
 </record>
</collection>
